[Event "Ulm/Neu Ulm-ch"]
[Site "Ulm/Neu Ulm"]
[Date "2009.09.18"]
[Round "1"]
[White "Heinrich, Klaus"]
[Black "Lell, Stephan"]
[Result "1-0"]
[WhiteElo "1829"]
[BlackElo "1494"]
[PlyCount "115"]
[EventDate "2009.09.18"]
[EventType "swiss"]
[EventRounds "5"]
[EventCountry "GER"]
[SourceTitle "EXT 2011"]
[Source "ChessBase"]
[SourceDate "2010.11.26"]
[SourceVersion "1"]
[SourceVersionDate "2010.11.26"]
[SourceQuality "1"]

1. f4 e5 2. fxe5 d6 3. Nf3 Nc6 4. e4 dxe5 5. c3 Bg4 6. b4 a6 7. Bc4 Bxf3 8. Qxf3 Qh4+ 9. g3 Qf6 10. Qg2 Qd6 11. Ba3 b5 12. Be2 Nf6 13. d3 Be7 14. Nd2 Qd8 15. Bb2 0-0 16. a3 Re8 17. h3 Bf8 18. g4 g6 19. h4 Re7 20. Nf3 Bg7 21. h5 Qf8 22. Qh3 gxh5 23. g5 h6 24. gxf6 Bxf6 25. Qxh5 Bg7 26. Nh4 Re6 27. Rg1 Kh8 28. Nf5 Rg6 29. Rxg6 fxg6 30. Qxg6 Ne7 31. Qxg7+ Qxg7 32. Nxg7 Kxg7 33. c4 Kf6 34. d4 Nc6 35. dxe5+ Nxe5 36. cxb5 axb5 37. Bxb5 Ke6 38. Bxe5 Kxe5 39. Ke2 Rh8 40. Ke3 h5 41. Bd7 h4 42. Rh1 Kd6 43. Bh3 Ra8 44. Rd1+ Ke5 45. Rd5+ Kf6 46. e5+ Kg6 47. Ra5 Re8 48. Ke4 Rh8 49. Ra7 c6 50. Ra6 Kf7 51. Rxc6 Ra8 52. Rc3 Rb8 53. Kf5 Re8 54. Re3 Ke7 55. a4 Ra8 56. a5 Rb8 57. Re4 Rf8+ 58. Kg5 1-0